A Study on the Life After Death Accorrding to the Biblical Perspective / (Record no. 2452)

MARC details
000 -LEADER
fixed length control field 00569nam a22001937a 4500
003 - CONTROL NUMBER IDENTIFIER
control field OSt
005 - DATE AND TIME OF LATEST TRANSACTION
control field 20181015124606.0
008 - FIXED-LENGTH DATA ELEMENTS--GENERAL INFORMATION
fixed length control field 181015b ||||| |||| 00| 0 eng d
040 ## - CATALOGING SOURCE
Transcribing agency DLC
082 ## - DEWEY DECIMAL CLASSIFICATION NUMBER
Classification number REF 025
Item number J65S
100 ## - MAIN ENTRY--PERSONAL NAME
Personal name John, Prakash.
245 ## - TITLE STATEMENT
Title A Study on the Life After Death Accorrding to the Biblical Perspective /
Statement of responsibility, etc. By Prakash John.
260 ## - PUBLICATION, DISTRIBUTION, ETC.
Place of publication, distribution, etc. Greator Noida, UP :
Name of publisher, distributor, etc. Harvest Mission College,
300 ## - PHYSICAL DESCRIPTION
Extent 45 p.:
504 ## - BIBLIOGRAPHY, ETC. NOTE
Bibliography, etc. note Bibliography Includes.
630 ## - SUBJECT ADDED ENTRY--UNIFORM TITLE
Uniform title Institutional Thesis
700 ## - ADDED ENTRY--PERSONAL NAME
Personal name Rev. Manuel Joseph - Mentor
942 ## - ADDED ENTRY ELEMENTS (KOHA)
Source of classification or shelving scheme Dewey Decimal Classification
Koha item type Reference
Holdings
Withdrawn status Lost status Source of classification or shelving scheme Damaged status Not for loan Home library Current library Date acquired Serial Enumeration / chronology Total Checkouts Full call number Barcode Date last seen Price effective from Koha item type
    Dewey Decimal Classification   Not For Loan Harvest Mission College Harvest Mission College 15.10.2018 B.Th   TH 236.2 J65S TD0012 15.10.2018 15.10.2018 Thesis and Dissertation
    Dewey Decimal Classification   Not For Loan Harvest Mission College Harvest Mission College 15.10.2018 B.Th   TH 236.2 J65S TD0013 15.10.2018 15.10.2018 Thesis and Dissertation

OPAC Designed and Maintained by HMC Library Team.
Copyright © HMC Library,Greater Noida, UP.
For any Suggestions/Query Contact library via Email:libhmc@gmail.com